Rekordy świata w lekkoatletyce mężczyzn - Statystyki

Ogólne statystyki
  • Ten quiz został rozwiązany 50 razy
  • Średni wynik to 10 z 24
Statystyki odpowiedzi
Hint Odpowiedź % Poprawnych
Bieg na 100 m - 9,58 Usain Bolt
100%
Bieg na 200 m - 19,19 Usain Bolt
100%
Skok o tyczce - 6,22 Armand Duplantis
90%
Sztafeta 4x400 m - 2:54,29 USA
87%
Sztafeta 4x100 m - 36,84 Jamajka
77%
Rzut oszczepem - 98,48 Jan Zelezny
54%
Skok wzwyż - 2,45 Javier Sotomayor
54%
Bieg na 400 m przez płotki - 45,94 Karsten Warholm
51%
Pchnięcie kulą - 23,56 Ryan Crouser
49%
Skok w dal - 8,95 Mike Powell
46%
Trójskok - 18,29 Jonathan Edwards
38%
Bieg na 400 m - 43,03 Wayde van Niekerk
38%
Dziesięciobój - 9126 pkt. Kevin Mayer
33%
Bieg na 800 m - 1:40,91 David Rudisha
31%
Bieg na 60 m - 6,34 Christian Coleman
28%
Maraton - 2:01:09 Eliud Kipchoge
26%
Bieg na 1500 m - 3:26,00 Hicham El Guerrouj
15%
Rzut młotem - 86,74 Jurij Siedych
15%
Bieg na 5000 m - 12:35,36 Joshua Cheptegei
13%
Bieg na 10000 m - 26:11,00 Joshua Cheptegei
13%
Bieg na 110 m przez płotki - 12,80 Aries Merritt
10%
Rzut dyskiem - 74,08 Jurgen Schult
10%
Bieg na 3000 m z przeszkodami - 7:52,11 Lamecha Girma
5%
Chód na 20 km - 1:16:36 Yusuke Suzuki
0%
Nie znaleziono quizów pasujących do podanych kryteriów
Rozkład punktacji
Procent ludzi z każdym wynikiem
Percentyl według liczby udzielonych odpowiedzi
Twoja historia wyników
Nie rozwiązałeś tego quizu